| 000 | 00730nam a2200241 a 4500 | ||
|---|---|---|---|
| 001 | 000033260 | ||
| 003 | OSt | ||
| 005 | 20250519123339.0 | ||
| 008 | 110823s1944 dr r 000 0 spa d | ||
| 040 |
_aDO-SdBNP _bspa _cBNPHU |
||
| 082 | 7 | 4 |
_a618.2 _bC678c, 1944 _222 |
| 100 | 1 |
_aCohen, R. R. _958875 |
|
| 245 | 1 | 0 |
_aCuestiones obstétricas : _bestadística / _cR. R. Cohen. |
| 260 |
_aCiudad Trujillo, República Dominicana : _bLa opinión, _c1944. |
||
| 300 |
_a183 p. ; _c20 cm. |
||
| 500 | _aIncluye índice de autores citados | ||
| 500 | _aSegunda serie | ||
| 590 | _aInventariado, 2018/ YL | ||
| 650 | 4 |
_aObstetricia _920060 |
|
| 650 | 0 |
_aEmbrazo _91406 |
|
| 910 | _aValidado. Control de calidad MFF | ||
| 942 |
_2ddc _cLBS1 |
||
| 999 |
_c32751 _d32751 |
||